Паровая турбина К-1200 для энергоблока с реактором БН-1200; Интеллектуальные энергосистемы; Т. 2

Dettagli Bibliografici
Parent link:Интеллектуальные энергосистемы: труды V Международного молодёжного форума, 9-13 октября 2017 г., г. Томск/ Национальный исследовательский Томский политехнический университет (ТПУ), Энергетический институт (ЭНИН).— , 2017
Т. 2.— 2017.— [С. 77-78]
Autore principale: Панфилов Н. С.
Ente Autore: Национальный исследовательский Томский политехнический университет (ТПУ) Энергетический институт (ЭНИН) Кафедра атомных и тепловых электростанций (АТЭС)
Altri autori: Лавриненко С. В. Сергей Викторович (научный руководитель)
Riassunto:Заглавие с титульного экрана
Lingua:russo
Pubblicazione: 2017
Serie:Повышение эффективности работы тепловых и атомных электростанций
Soggetti:
Accesso online:http://earchive.tpu.ru/handle/11683/45235
Natura: MixedMaterials Elettronico Capitolo di libro
KOHA link:https://koha.lib.tpu.ru/cgi-bin/koha/opac-detail.pl?biblionumber=625524

MARC

LEADER 00000naa2a2200000 4500
001 625524
005 20231214111718.0
035 |a (RuTPU)RU\TPU\conf\24784 
035 |a RU\TPU\conf\24773 
090 |a 625524 
100 |a 20171214d2017 k y0rusy50 ca 
101 0 |a rus 
102 |a RU 
105 |a y z 101zy 
135 |a drgn ---uucaa 
181 0 |a i  
182 0 |a b 
200 1 |a Паровая турбина К-1200 для энергоблока с реактором БН-1200  |f Н. С. Панфилов, С. В. Лавриненко  |g науч. рук. С. В. Лавриненко 
203 |a Текст  |c электронный 
225 1 |a Повышение эффективности работы тепловых и атомных электростанций 
300 |a Заглавие с титульного экрана 
320 |a [Библиогр.: с. 78 (2 назв.)] 
461 1 |0 (RuTPU)RU\TPU\conf\24578  |t Интеллектуальные энергосистемы  |o труды V Международного молодёжного форума, 9-13 октября 2017 г., г. Томск  |o в 3 т.  |f Национальный исследовательский Томский политехнический университет (ТПУ), Энергетический институт (ЭНИН)  |d 2017 
463 1 |0 (RuTPU)RU\TPU\conf\24582  |t Т. 2  |v [С. 77-78]  |d 2017 
610 1 |a электронный ресурс 
610 1 |a труды учёных ТПУ 
610 1 |a паровые турбины 
610 1 |a энергоблоки 
610 1 |a реакторы 
610 1 |a БН-1200 
610 1 |a атомные электрические станции 
610 1 |a атомные электростанции 
610 1 |a турбоустановки 
700 1 |a Панфилов  |b Н. С. 
701 1 |a Лавриненко  |b С. В.  |c специалист в области теплоэнергетики  |c старший преподаватель Томского политехнического университета  |f 1986-  |g Сергей Викторович  |3 (RuTPU)RU\TPU\pers\30132  |9 14537 
702 1 |a Лавриненко  |b С. В.  |c специалист в области теплоэнергетики  |c старший преподаватель Томского политехнического университета  |f 1986-  |g Сергей Викторович  |4 727  |9 14537 
712 0 2 |a Национальный исследовательский Томский политехнический университет (ТПУ)  |b Энергетический институт (ЭНИН)  |b Кафедра атомных и тепловых электростанций (АТЭС)  |3 (RuTPU)RU\TPU\col\18683 
801 2 |a RU  |b 63413507  |c 20171219  |g RCR 
856 4 |u http://earchive.tpu.ru/handle/11683/45235 
942 |c BK